UM Logo

Viscous fluid flow/ (Record no. 16894)

MARC details
000 -LEADER
fixed length control field 00655nam a22001937a 4500
008 - FIXED-LENGTH DATA ELEMENTS--GENERAL INFORMATION
fixed length control field 220422b ||||| |||| 00| 0 eng d
020 ## - INTERNATIONAL STANDARD BOOK NUMBER
International Standard Book Number 9781260597806
082 ## - DEWEY DECIMAL CLASSIFICATION NUMBER
Edition number 2022
Classification number DC 532.0533
Item number W582
100 ## - MAIN ENTRY--PERSONAL NAME
Personal name White, Frank M., author
9 (RLIN) 45124
245 ## - TITLE STATEMENT
Title Viscous fluid flow/
Statement of responsibility, etc. Frank M. White, Joseph Majdalani, authors
250 ## - EDITION STATEMENT
Edition statement Fourth edition
260 ## - PUBLICATION, DISTRIBUTION, ETC. (IMPRINT)
Place of publication, distribution, etc. New York, NY:
Name of publisher, distributor, etc. Mc Graw Hill,
Date of publication, distribution, etc. 2022.
300 ## - PHYSICAL DESCRIPTION
Extent ix, 522 pages:
Other physical details illustrations;
Dimensions 27 cm.
500 ## - GENERAL NOTE
General note Includes bibliographical references and index.
650 ## - SUBJECT ADDED ENTRY--TOPICAL TERM
Topical term or geographic name as entry element Viscous flow
9 (RLIN) 45125
650 ## - SUBJECT ADDED ENTRY--TOPICAL TERM
Topical term or geographic name as entry element Fluid physics
9 (RLIN) 45126
700 ## - ADDED ENTRY--PERSONAL NAME
Personal name Majdalani, Joseph,
Relator term author
9 (RLIN) 45127
942 ## - ADDED ENTRY ELEMENTS (KOHA)
Source of classification or shelving scheme Dewey Decimal Classification
Koha item type Circulation
Holdings
Withdrawn status Lost status Source of classification or shelving scheme Damaged status Not for loan Collection code Home library Current library Date acquired Source of acquisition Cost, normal purchase price Total Checkouts Full call number Barcode Date last seen Copy number Price effective from Koha item type
    Dewey Decimal Classification     Circulation UM Digos College - LIC UM Digos College - LIC 02/10/2022 Purchased 3798.00   DC 532.0533 W582 2022 26548 05/15/2025 1 04/22/2022 Circulation